Europe recast : (Record no. 978)

000 -LEADER
fixed length control field 03307cam a2200817 a 4500
003 - CONTROL NUMBER IDENTIFIER
control field OSt
005 - DATE AND TIME OF LATEST TRANSACTION
control field 20210623064812.0
008 - FIXED-LENGTH DATA ELEMENTS--GENERAL INFORMATION
fixed length control field 031017s2004 enkabc b 001 0 eng
020 ## - INTERNATIONAL STANDARD BOOK NUMBER
International Standard Book Number 0333987349
020 ## - INTERNATIONAL STANDARD BOOK NUMBER
International Standard Book Number 9780333987346
020 ## - INTERNATIONAL STANDARD BOOK NUMBER
International Standard Book Number 0333987330
020 ## - INTERNATIONAL STANDARD BOOK NUMBER
International Standard Book Number 9780333987339
040 ## - CATALOGING SOURCE
Transcribing agency ALUPE UNIVERSITY
042 ## - AUTHENTICATION CODE
Authentication code ukblsr
043 ## - GEOGRAPHIC AREA CODE
Geographic area code e------
050 14 - LIBRARY OF CONGRESS CALL NUMBER
Classification number JN30
Item number .D56 2004
080 ## - UNIVERSAL DECIMAL CLASSIFICATION NUMBER
Universal Decimal Classification number 337
084 ## - OTHER CLASSIFICATION NUMBER
Classification number 89.72
Number source bcl
084 ## - OTHER CLASSIFICATION NUMBER
Classification number G:xa S:pg Z:95
Number source sdnb
084 ## - OTHER CLASSIFICATION NUMBER
Classification number MK 5100
Number source rvk
084 ## - OTHER CLASSIFICATION NUMBER
Classification number NQ 7338
Number source rvk
084 ## - OTHER CLASSIFICATION NUMBER
Classification number c 240
Number source ifzs
100 1# - MAIN ENTRY--PERSONAL NAME
Personal name Dinan, Desmond,
Dates associated with a name 1957-
245 10 - TITLE STATEMENT
Title Europe recast :
Remainder of title a history of European Union /
Statement of responsibility, etc. Desmond Dinan.
260 ## - PUBLICATION, DISTRIBUTION, ETC.
Place of publication, distribution, etc. Basingstoke :
Name of publisher, distributor, etc. Palgrave Macmillan,
Date of publication, distribution, etc. 2004.
300 ## - PHYSICAL DESCRIPTION
Extent xv, 371 pages :
Other physical details illustrations, maps, portraits ;
Dimensions 23 cm.
336 ## - CONTENT TYPE
Content type term text
Content type code txt
Source rdacontent
337 ## - MEDIA TYPE
Media type term unmediated
Media type code n
Source rdamedia
338 ## - CARRIER TYPE
Carrier type term volume
Carrier type code nc
Source rdacarrier
504 ## - BIBLIOGRAPHY, ETC. NOTE
Bibliography, etc. note Includes bibliographical references and index.
610 27 - SUBJECT ADDED ENTRY--CORPORATE NAME
Authority record control number or standard number (OCoLC)fst00916630
650 #4 - SUBJECT ADDED ENTRY--TOPICAL TERM
Topical term or geographic name entry element European federation
General subdivision History.
650 #4 - SUBJECT ADDED ENTRY--TOPICAL TERM
Topical term or geographic name entry element Federal government
Geographic subdivision European Union countries
General subdivision History.
650 #4 - SUBJECT ADDED ENTRY--TOPICAL TERM
Topical term or geographic name entry element Europe
General subdivision Economic integration.
650 #7 - SUBJECT ADDED ENTRY--TOPICAL TERM
Topical term or geographic name entry element Europe
General subdivision Economic integration.
Source of heading or term blmlsh
650 #7 - SUBJECT ADDED ENTRY--TOPICAL TERM
Topical term or geographic name entry element UE/CE Histoire.
Source of heading or term eclas
650 #7 - SUBJECT ADDED ENTRY--TOPICAL TERM
Topical term or geographic name entry element International economic integration.
Source of heading or term fast
Authority record control number or standard number (OCoLC)fst00976879
650 07 - SUBJECT ADDED ENTRY--TOPICAL TERM
Topical term or geographic name entry element Europ�aische Integration.
Authority record control number or standard number (DE-588)4071013-0
Source of heading or term gnd
650 17 - SUBJECT ADDED ENTRY--TOPICAL TERM
Topical term or geographic name entry element Europese Unie.
Source of heading or term gtt
650 07 - SUBJECT ADDED ENTRY--TOPICAL TERM
Topical term or geographic name entry element Europ�aische Integration.
Source of heading or term swd
651 #7 - SUBJECT ADDED ENTRY--GEOGRAPHIC NAME
Authority record control number or standard number (OCoLC)fst01245064
651 #7 - SUBJECT ADDED ENTRY--GEOGRAPHIC NAME
Authority record control number or standard number (DE-588)4131753-1
655 #7 - INDEX TERM--GENRE/FORM
Authority record control number or standard number (OCoLC)fst01411628
910 ## - USER-OPTION DATA (OCLC)
User-option data UclaCollMgr MonosBKS20032006 20210419
910 ## - USER-OPTION DATA (OCLC)
User-option data MARS
910 ## - USER-OPTION DATA (OCLC)
User-option data kwb 040930
942 ## - ADDED ENTRY ELEMENTS (KOHA)
Source of classification or shelving scheme
Koha item type Book
Suppress in OPAC DO
949 ## - LOCAL PROCESSING INFORMATION (OCLC)
a 4995642
Holdings
Withdrawn status Lost status Source of classification or shelving scheme Damaged status Not for loan Permanent Location Current Location Shelving location Date acquired Total Checkouts Full call number Barcode Date last seen Price effective from Koha item type Public note
          AU LIBRARY AU LIBRARY Open Shelf 23.06.2021   JN30 .D56 2004 28002776 23.06.2021 23.06.2021 Book DO

Powered by Koha